The Macroeconomic Announcement Premium and Information Environment
Kvalita informačného prostredia má vplyv na trhovú rizikovú prémiu a očakávané zníženie rizika v dňoch makroekonomických vyhlásení. Riziková prémia je vysoká, keď je riziko vysoké, ako pri štandardných modeloch oceňovania aktív, zatiaľ čo riziková prémia je nízka, keď je prevládajúce informačné pros...
Salvato in:
| Autore principale: | |
|---|---|
| Altri autori: | |
| Natura: | Capitolo di libro |
| Lingua: | inglese |
| Soggetti: | |
| Tags: |
Nessun Tag, puoi essere il primo ad aggiungerne!!
|
MARC
| LEADER | 00000naa a2200000 4500 | ||
|---|---|---|---|
| 001 | 0297231 | ||
| 005 | 20231123090101.3 | ||
| 041 | 0 | |a eng | |
| 044 | |a NL | ||
| 245 | 1 | 0 | |a The Macroeconomic Announcement Premium and Information Environment |c Chu Zhang, Shen Zhao |
| 520 | |a Kvalita informačného prostredia má vplyv na trhovú rizikovú prémiu a očakávané zníženie rizika v dňoch makroekonomických vyhlásení. Riziková prémia je vysoká, keď je riziko vysoké, ako pri štandardných modeloch oceňovania aktív, zatiaľ čo riziková prémia je nízka, keď je prevládajúce informačné prostredie slabé. To isté platí pre očakávané zníženie rizika. Tieto účinky sa rozširujú na prémie trhových faktorov (t. j. prémie spojené s trhovými beta verziami) v rôznych súboroch portfólií a súvisia s obchodnými cyklami. Zistenia sú v súlade s názorom, že zlé informačné prostredie bráni efektívnosti učenia. | ||
| 610 | 2 | 0 | |a prémie |
| 610 | 2 | 0 | |a makroekonomika |
| 610 | 2 | 0 | |a informácie |
| 610 | 2 | 0 | |a riziko |
| 610 | 2 | 0 | |a cykly podnikateľské |
| 100 | 1 | |a Zhang, Chu | |
| 700 | 1 | |a Zhao, Shen | |